| 000 | 00563cam a2200205 4500500 | ||
|---|---|---|---|
| 005 | 20260405003324.0 | ||
| 041 | _afre | ||
| 042 | _adc | ||
| 100 | 1 | 0 |
_aOrtoli, Sven _eauthor |
| 245 | 0 | 0 | _aTout un fromage |
| 260 | _c2021. | ||
| 500 | _a76 | ||
| 690 | _aAlimentation | ||
| 690 | _aAnimal | ||
| 690 | _aBotul | ||
| 690 | _afromage | ||
| 690 | _aVégane | ||
| 786 | 0 | _nPhilosophie magazine | 151 | 8 | 2021-07-01 | p. 26-27 | 1951-1787 | |
| 856 | 4 | 1 | _uhttps://shs.cairn.info/magazine-philosophie-magazine-2021-6-page-26?lang=fr&redirect-ssocas=7080 |
| 999 |
_c2066499 _d2066499 |
||